Filosofía del derecho

Saved in:
Bibliografiske detaljer
Hovedforfatter: Fernández Sabaté, Edgardo (Author)
Format: Bog
Sprog:spansk
Udgivet: Buenos Aires Depalma 1984
Serier:Abriendo surcos
Fag:
Tags: Tilføj Tag
Ingen Tags, Vær først til at tagge denne postø!

MARC

LEADER 00000nam a2200000 a 4500
001 UCV1436
003 CL-VaPUC
008 900620e19840000AG |||||||||||||||||spa|d
082 0 4 |a 340.11  |b FER  |2 21 
100 0 |a Fernández Sabaté, Edgardo  |e author  |9 295694 
245 1 0 |a Filosofía del derecho 
300 |a 483 p 
942 |c BK 
945 |d 19900620 00:00:00 
260 |a Buenos Aires  |b Depalma  |c 1984 
650 0 |a Filosofía del derecho   |9 255050 
650 0 |a Justicia   |9 255408 
583 |a last modification  |c 19900620 00:00:00  |k Rodrigo Vera 
490 0 |a Abriendo surcos 
999 |c 209391  |d 209389 
952 |0 0  |1 0  |4 0  |6 340_110000000000000_FER_1984  |7 0  |8 DER_TF  |9 184762  |a BIBDER  |b BIBDER  |d 2019-11-14  |i 2520826  |o 340.11 FER 1984  |p 2520826  |r 2023-01-25  |w 2019-11-14  |x Ubicación 4to Piso  |y BK  |z Estos recursos deben solicitarse con anticipación  |k DER